[Event "COL-chT"]
[Site "Risaralda"]
[Date "2023.11.22"]
[Round "6.4"]
[White "Alpala Mejia, David Mauricio"]
[Black "Peinado, Giovanny"]
[Result "1/2-1/2"]
[WhiteElo "1730"]
[BlackElo "2151"]
[PlyCount "94"]
[EventDate "2023.11.19"]
[EventType "team-swiss"]
[EventRounds "7"]
[EventCountry "COL"]
[SourceTitle "CB49_2023"]
[SourceDate "2023.12.06"]
[SourceVersion "1"]
[SourceVersionDate "2023.12.06"]
[SourceQuality "1"]
[WhiteTeam "Narino"]
[BlackTeam "Santander"]
[WhiteTeamCountry "COL"]
[BlackTeamCountry "COL"]

1. e4 e6 2. d4 d5 3. Nc3 Nf6 4. Bg5 Bb4 5. exd5 exd5 6. Qe2+ Be7 7. Bxf6 gxf6 8. 0-0-0 c6 9. Re1 Be6 10. Nh3 Qd6 11. g3 f5 12. Kb1 Nd7 13. Nf4 Nf8 14. Nxe6 fxe6 15. Qe5 Qxe5 16. dxe5 Bb4 17. a3 Bxc3 18. bxc3 Nd7 19. f4 Nc5 20. c4 Ke7 21. cxd5 cxd5 22. Ka2 Rac8 23. Rb1 b6 24. Bd3 h5 25. h3 Rhg8 26. g4 Nxd3 27. cxd3 fxg4 28. hxg4 Rxg4 29. Rxh5 Rxf4 30. Rh7+ Rf7 31. Rbh1 Rcf8 32. Kb3 Kd7 33. R1h6 Ke7 34. Kb4 a6 35. a4 Rxh7 36. Rxh7+ Rf7 37. Rh4 Kd7 38. a5 Kc6 39. Rh6 Re7 40. d4 Re8 41. Rh7 Rg8 42. Rh6 bxa5+ 43. Kxa5 Kd7 44. Rh4 Kc6 45. Rh6 Kd7 46. Rh4 Kc6 47. Rh6 Rh8 1/2-1/2

[Event "COL-chT"]
[Site "Risaralda"]
[Date "2023.11.19"]
[Round "1.4"]
[White "Cogollo Perez, Hugo Esteban"]
[Black "Peinado, Giovanny"]
[Result "1/2-1/2"]
[WhiteElo "1918"]
[BlackElo "2151"]
[PlyCount "74"]
[EventDate "2023.11.19"]
[EventType "team-swiss"]
[EventRounds "7"]
[EventCountry "COL"]
[SourceTitle "CB49_2023"]
[SourceDate "2023.12.06"]
[SourceVersion "1"]
[SourceVersionDate "2023.12.06"]
[SourceQuality "1"]
[WhiteTeam "Sucre"]
[BlackTeam "Santander"]
[WhiteTeamCountry "COL"]
[BlackTeamCountry "COL"]

1. d4 Nf6 2. Nf3 g6 3. c4 Bg7 4. Nc3 d5 5. Bg5 Ne4 6. Bf4 Nxc3 7. bxc3 0-0 8. e3 c5 9. Be2 Nc6 10. 0-0 a6 11. Qd2 dxc4 12. Bxc4 b5 13. Be2 Bb7 14. Qb2 Re8 15. Rfd1 cxd4 16. cxd4 Rc8 17. Rac1 Qa5 18. Rd3 b4 19. Rd2 Qb6 20. Rdc2 a5 21. h4 Ba6 22. Bxa6 Qxa6 23. h5 Na7 24. Rxc8 Rxc8 25. Rxc8+ Qxc8 26. hxg6 hxg6 27. Qb3 e6 28. Qa4 Qd8 29. Ne1 Bf6 30. Nd3 Kg7 31. Nxb4 axb4 32. Qxa7 e5 33. Bxe5 Bxe5 34. dxe5 Qd1+ 35. Kh2 Qh5+ 36. Kg3 Qg5+ 37. Kf3 Qf5+ 1/2-1/2

[Event "COL-chT"]
[Site "Bucaramanga"]
[Date "2022.09.09"]
[Round "7.2"]
[White "Ortega Rueda, Nicolas"]
[Black "Peinado, Giovanny"]
[Result "0-1"]
[WhiteElo "1269"]
[BlackElo "2160"]
[PlyCount "60"]
[EventDate "2022.09.06"]
[EventType "team-swiss"]
[EventRounds "7"]
[EventCountry "COL"]
[SourceTitle "CBM 210 Extra"]
[Source "ChessBase"]
[SourceDate "2022.11.30"]
[SourceVersion "1"]
[SourceVersionDate "2022.11.30"]
[SourceQuality "1"]
[WhiteTeam "Santander Indersantander"]
[BlackTeam "Santander Norgtech"]
[WhiteTeamCountry "COL"]
[BlackTeamCountry "COL"]

1. e4 c5 2. d4 cxd4 3. c3 dxc3 4. Nxc3 e6 5. Nf3 a6 6. Bc4 Nc6 7. 0-0 Nge7 8. Be3 b5 9. Bb3 Na5 10. Ne5 d6 11. Nf3 Nxb3 12. axb3 Bb7 13. Re1 Ng6 14. Bg5 Be7 15. Bxe7 Qxe7 16. Nd5 exd5 17. exd5 Ne5 18. Nxe5 dxe5 19. Rc1 0-0 20. Rc2 Rad8 21. Rd2 Rd6 22. f4 e4 23. Rd4 f5 24. Qd2 Rfd8 25. Qb4 Qc7 26. Red1 Rxd5 27. Rxd5 Rxd5 28. Rxd5 Bxd5 29. Qc3 Qxc3 30. bxc3 Bxb3 0-1

[Event "Bucaramanga Santander-ch"]
[Site "Bucaramanga"]
[Date "2022.04.10"]
[Round "5"]
[White "Peinado, Edwin Halley"]
[Black "Peinado, Giovanny"]
[Result "0-1"]
[WhiteElo "2164"]
[BlackElo "2157"]
[PlyCount "54"]
[EventDate "2022.04.08"]
[EventType "swiss"]
[EventRounds "8"]
[EventCountry "COL"]
[SourceTitle "CBM 207 Extra"]
[Source "ChessBase"]
[SourceDate "2022.05.31"]
[SourceVersion "1"]
[SourceVersionDate "2022.05.31"]
[SourceQuality "1"]

1. e4 e6 2. d4 d5 3. Nc3 Nf6 4. exd5 exd5 5. Nf3 Be7 6. Bd3 0-0 7. 0-0 Nc6 8. h3 Nb4 9. Re1 Nxd3 10. Qxd3 h6 11. Bf4 c6 12. Re3 Re8 13. Rae1 Bf8 14. Ne5 c5 15. a3 Be6 16. Qd1 cxd4 17. Qxd4 Rc8 18. b4 a5 19. Rb1 axb4 20. axb4 Bf5 21. Rb2 g5 22. Bh2 Bg7 23. f4 gxf4 24. Bxf4 Nh5 25. Bh2 Rc4 26. Qxd5 Qxd5 27. Nxd5 Re4 0-1

[Event "Santander Departamental-ch"]
[Site "Santander"]
[Date "2018.12.28"]
[Round "2"]
[White "Peinado, Giovanny"]
[Black "Acosta Cruz, Luis Ivan"]
[Result "1-0"]
[WhiteElo "2186"]
[BlackElo "1795"]
[PlyCount "45"]
[EventDate "2018.12.27"]
[EventType "swiss"]
[EventRounds "7"]
[EventCountry "COL"]
[SourceTitle "EXT 2020"]
[Source "ChessBase"]
[SourceDate "2019.10.17"]
[SourceVersion "1"]
[SourceVersionDate "2019.10.17"]
[SourceQuality "1"]

1. d4 Nf6 2. c4 e5 3. d5 Bc5 4. Nc3 a6 5. Nf3 d6 6. e3 0-0 7. Be2 Bg4 8. a3 Nbd7 9. h3 Bxf3 10. Bxf3 Re8 11. e4 Nf8 12. h4 Rb8 13. Qe2 Bd4 14. Bd2 c5 15. g3 Qb6 16. 0-0 Qb3 17. a4 Qb6 18. Bg2 Qd8 19. Kh1 Qd7 20. f3 Qe7 21. Kh2 h6 22. Bh3 Kh7 23. Rf2 1-0

[Event "Mosquera op"]
[Site "Mosquera"]
[Date "2014.11.01"]
[Round "5"]
[White "Peinado, Giovanny"]
[Black "Valle, Efrain"]
[Result "1/2-1/2"]
[WhiteElo "2177"]
[BlackElo "2229"]
[PlyCount "92"]
[EventDate "2014.10.30"]
[EventType "swiss"]
[EventRounds "9"]
[EventCountry "COL"]
[SourceTitle "EXT 2015"]
[Source "ChessBase"]
[SourceDate "2014.11.20"]
[SourceVersion "1"]
[SourceVersionDate "2014.11.20"]
[SourceQuality "1"]

1. d4 Nc6 2. Nf3 d6 3. c4 Nf6 4. Nc3 Bg4 5. d5 Nb8 6. h3 Bc8 7. e4 e5 8. dxe6 Bxe6 9. Nd4 Bd7 10. Be3 Be7 11. Qd2 0-0 12. g4 Nc6 13. 0-0-0 Nxd4 14. Bxd4 Bc6 15. Bd3 Nd7 16. f4 Bf6 17. Bc2 Bxd4 18. Qxd4 Qf6 19. Qe3 a5 20. g5 Qe7 21. Rhe1 Qe6 22. Nd5 Bxd5 23. cxd5 Qe7 24. h4 a4 25. Qd4 Rfe8 26. h5 Nc5 27. h6 Qf8 28. e5 b6 29. Rd2 dxe5 30. fxe5 a3 31. b3 Rad8 32. Rh1 g6 33. Qc3 Qe7 34. e6 fxe6 35. b4 Rxd5 36. Rxd5 exd5 37. bxc5 bxc5 38. Kb1 Qe5 39. Qxe5 Rxe5 40. Rg1 c4 41. Kc1 d4 42. Kd2 c5 43. Ba4 Re3 44. Bb5 Rd3+ 45. Ke2 Re3+ 46. Kd2 Rd3+ 1/2-1/2

[Event "Bucaramanga Udi Cup"]
[Site "Bucaramanga"]
[Date "2014.10.19"]
[Round "9"]
[White "Peinado, Giovanny"]
[Black "Pazos Gambarrotti, Plinio Efrain"]
[Result "1/2-1/2"]
[WhiteElo "2177"]
[BlackElo "2254"]
[PlyCount "118"]
[EventDate "2014.10.15"]
[EventType "swiss"]
[EventRounds "9"]
[EventCountry "COL"]
[SourceTitle "EXT 2015"]
[Source "ChessBase"]
[SourceDate "2014.11.20"]
[SourceVersion "1"]
[SourceVersionDate "2014.11.20"]
[SourceQuality "1"]

1. d4 Nf6 2. c4 e6 3. Nc3 Bb4 4. Qc2 c5 5. dxc5 Bxc5 6. Nf3 0-0 7. Bg5 Be7 8. e4 d6 9. Be2 a6 10. 0-0 Qc7 11. Rac1 Nbd7 12. a3 b6 13. b4 Bb7 14. Bd3 Rac8 15. Qe2 Rfe8 16. Rfd1 Qb8 17. Bf4 Ng4 18. Bb1 Nge5 19. Nd2 Rc7 20. Be3 Rec8 21. Na2 Ng6 22. f4 Bf8 23. Qf2 Ba8 24. h4 b5 25. h5 Ne7 26. Qe2 bxc4 27. Nxc4 d5 28. Nd2 dxe4 29. Nxe4 Nd5 30. Nac3 Rxc3 31. Nxc3 Rxc3 32. Rxc3 Nxc3 33. Qd3 Nxb1 34. Qxd7 Nc3 35. Qd8 Qb7 36. Rd2 Ne4 37. Rd7 Qc6 38. Rc7 Qd5 39. Rc8 Qxd8 40. Rxd8 Bd5 41. a4 f6 42. b5 axb5 43. axb5 Kf7 44. b6 Bc5 45. Bxc5 Nxc5 46. Rc8 Nb7 47. Rc7+ Kf8 48. Rc8+ Ke7 49. Rc7+ Kd6 50. Rxg7 Be4 51. Rf7 Nc5 52. Rxf6 Nd7 53. Rf7 Nxb6 54. g4 Bf3 55. Rxh7 Bxg4 56. h6 Bf5 57. Rb7 Nd5 58. h7 Bxh7 59. Rxh7 Nxf4 1/2-1/2

[Event "Bucaramanga Udi Cup"]
[Site "Bucaramanga"]
[Date "2014.10.17"]
[Round "4"]
[White "Piraquive, Alberto"]
[Black "Peinado, Giovanny"]
[Result "0-1"]
[WhiteElo "1884"]
[BlackElo "2177"]
[PlyCount "62"]
[EventDate "2014.10.15"]
[EventType "swiss"]
[EventRounds "9"]
[EventCountry "COL"]
[SourceTitle "EXT 2015"]
[Source "ChessBase"]
[SourceDate "2014.11.20"]
[SourceVersion "1"]
[SourceVersionDate "2014.11.20"]
[SourceQuality "1"]

1. d4 d5 2. e3 Nf6 3. f4 c5 4. Nf3 Nc6 5. c3 Bg4 6. Bd3 e6 7. Nbd2 Be7 8. 0-0 Bf5 9. Bxf5 exf5 10. Ne5 0-0 11. Rf3 g6 12. Rh3 Nxe5 13. fxe5 Ng4 14. Qe1 f6 15. exf6 Bxf6 16. Nf1 Re8 17. Rf3 cxd4 18. cxd4 Bxd4 19. h3 Ne5 20. Rxf5 gxf5 21. Qg3+ Ng6 22. exd4 Re4 23. Bg5 Qd7 24. Qd3 f4 25. Rd1 Rc8 26. Kh1 Qf5 27. h4 h6 28. Bxh6 Nxh4 29. Nd2 Re1+ 30. Nf1 Qxd3 31. Rxd3 Rxf1+ 0-1

[Event "Bucaramanga Udi Cup"]
[Site "Bucaramanga"]
[Date "2014.10.16"]
[Round "3"]
[White "Peinado, Giovanny"]
[Black "Torres, Juan Camilo"]
[Result "0-1"]
[WhiteElo "2177"]
[BlackElo "2337"]
[PlyCount "58"]
[EventDate "2014.10.15"]
[EventType "swiss"]
[EventRounds "9"]
[EventCountry "COL"]
[SourceTitle "EXT 2015"]
[Source "ChessBase"]
[SourceDate "2014.11.20"]
[SourceVersion "1"]
[SourceVersionDate "2014.11.20"]
[SourceQuality "1"]

1. d4 d5 2. c4 c6 3. Nf3 Nf6 4. Nc3 dxc4 5. a4 Bf5 6. e3 e6 7. Bxc4 Bb4 8. 0-0 Nbd7 9. Qe2 Bg4 10. h3 Bxf3 11. Qxf3 0-0 12. Rd1 Rc8 13. e4 e5 14. dxe5 Nxe5 15. Qe2 Qa5 16. Ba2 Ng6 17. Qc2 Qe5 18. Be3 a5 19. Bd4 Qg5 20. Be3 Qe5 21. Bd4 Qe7 22. Re1 Nh5 23. e5 Nhf4 24. Qf5 Nxg2 25. Re4 N2h4 26. Qh5 Qg5+ 27. Qxg5 Nf3+ 28. Kg2 Nxg5 29. Rg4 Ne6 0-1

[Event "Bucaramanga Udi Cup"]
[Site "Bucaramanga"]
[Date "2014.10.16"]
[Round "2"]
[White "Santoyo Silva, Sergio Julian"]
[Black "Peinado, Giovanny"]
[Result "0-1"]
[WhiteElo "1869"]
[BlackElo "2177"]
[PlyCount "44"]
[EventDate "2014.10.15"]
[EventType "swiss"]
[EventRounds "9"]
[EventCountry "COL"]
[SourceTitle "EXT 2015"]
[Source "ChessBase"]
[SourceDate "2014.11.20"]
[SourceVersion "1"]
[SourceVersionDate "2014.11.20"]
[SourceQuality "1"]

1. e4 c5 2. Nf3 Nc6 3. d4 cxd4 4. Nxd4 Nf6 5. f3 d5 6. Nxc6 bxc6 7. exd5 cxd5 8. Bb5+ Bd7 9. Bxd7+ Qxd7 10. Qe2 e6 11. Bg5 Be7 12. Nd2 0-0 13. 0-0 Qc7 14. Bxf6 Bxf6 15. c3 Qb6+ 16. Qf2 Qxb2 17. Ne4 Qxf2+ 18. Nxf2 Bxc3 19. Rac1 Rfc8 20. Kh1 Kf8 21. Rfd1 Bb2 22. Rb1 Rab8 0-1

[Event "Medellin Flores op 20th"]
[Site "Medellin"]
[Date "2014.08.10"]
[Round "8"]
[White "Peinado, Giovanny"]
[Black "Rodriguez, Jose Luis"]
[Result "1-0"]
[WhiteElo "2174"]
[BlackElo "2025"]
[PlyCount "45"]
[EventDate "2014.08.06"]
[EventType "swiss"]
[EventRounds "9"]
[EventCountry "COL"]
[SourceTitle "CBM 162 Extra"]
[Source "ChessBase"]
[SourceDate "2014.10.17"]
[SourceVersion "1"]
[SourceVersionDate "2014.10.17"]
[SourceQuality "1"]

1. d4 Nf6 2. c4 c5 3. Nf3 cxd4 4. Nxd4 e6 5. Nc3 d6 6. e4 Be7 7. Be2 0-0 8. 0-0 b6 9. f4 Bb7 10. Bf3 d5 11. cxd5 exd5 12. e5 Ne4 13. Be3 Bc5 14. Bxe4 dxe4 15. Nf5 Qd3 16. Bxc5 bxc5 17. Qg4 g6 18. Rad1 Qa6 19. Rd6 Qc4 20. Qg5 f6 21. exf6 Kh8 22. Nd5 gxf5 23. Qg7# 1-0

[Event "Medellin Flores op 20th"]
[Site "Medellin"]
[Date "2014.08.09"]
[Round "7"]
[White "Munoz Galvez, Jhon Edison"]
[Black "Peinado, Giovanny"]
[Result "1-0"]
[WhiteElo "2253"]
[BlackElo "2174"]
[PlyCount "53"]
[EventDate "2014.08.06"]
[EventType "swiss"]
[EventRounds "9"]
[EventCountry "COL"]
[SourceTitle "CBM 162 Extra"]
[Source "ChessBase"]
[SourceDate "2014.10.17"]
[SourceVersion "1"]
[SourceVersionDate "2014.10.17"]
[SourceQuality "1"]

1. d4 d5 2. c4 c6 3. Nf3 Nf6 4. e3 e6 5. Nbd2 Nbd7 6. Bd3 Bd6 7. 0-0 0-0 8. e4 dxe4 9. Nxe4 Nxe4 10. Bxe4 f5 11. Bc2 e5 12. Bg5 Qa5 13. c5 Bb8 14. b4 Qxb4 15. Bd2 Qa3 16. Rb1 e4 17. Bb4 Qa6 18. Bb3+ Kh8 19. Ng5 g6 20. d5 Nf6 21. d6 Kg7 22. Qd4 Qd3 23. Qe5 Re8 24. Qb2 Rf8 25. Bc3 Qb5 26. Bxf6+ Rxf6 27. Nxh7 1-0

[Event "Medellin Flores op 20th"]
[Site "Medellin"]
[Date "2014.08.07"]
[Round "2"]
[White "Peinado, Giovanny"]
[Black "Hevia Alejano, Carlos Antonio"]
[Result "0-1"]
[WhiteElo "2174"]
[BlackElo "2486"]
[PlyCount "92"]
[EventDate "2014.08.06"]
[EventType "swiss"]
[EventRounds "9"]
[EventCountry "COL"]
[SourceTitle "CBM 162 Extra"]
[Source "ChessBase"]
[SourceDate "2014.10.17"]
[SourceVersion "1"]
[SourceVersionDate "2014.10.17"]
[SourceQuality "1"]

1. d4 Nf6 2. c4 e6 3. Nc3 Bb4 4. Qc2 0-0 5. Nf3 d5 6. Bg5 h6 7. Bxf6 Qxf6 8. a3 Bxc3+ 9. Qxc3 c6 10. e3 Nd7 11. Bd3 dxc4 12. Bxc4 b6 13. 0-0 Bb7 14. Rac1 Rac8 15. Rfd1 Qe7 16. Qd3 c5 17. Ba6 Bxf3 18. Bxc8 Qg5 19. Qf1 Rxc8 20. Rd2 Nf6 21. dxc5 bxc5 22. Kh1 Bb7 23. Rdc2 Be4 24. Rc3 Bb7 25. f3 Nd5 26. Rxc5 Rxc5 27. Rxc5 Qxe3 28. Qc1 Qd3 29. Rc2 h5 30. Rd2 Qe3 31. Rd1 Qe5 32. Re1 Qf6 33. Qd2 h4 34. h3 Nf4 35. Re3 Qg5 36. Rb3 Ba6 37. Qc2 f5 38. Qf2 Bc4 39. Rc3 Bd5 40. b4 e5 41. Kh2 e4 42. Rc8+ Kh7 43. fxe4 Bxe4 44. g3 Nd3 45. gxh4 Qh6 46. Qe2 Qf4+ 0-1

[Event "Medellin Flores op 20th"]
[Site "Medellin"]
[Date "2014.08.06"]
[Round "1"]
[White "Perdomo, Jefferson"]
[Black "Peinado, Giovanny"]
[Result "0-1"]
[WhiteElo "2002"]
[BlackElo "2174"]
[PlyCount "78"]
[EventDate "2014.08.06"]
[EventType "swiss"]
[EventRounds "9"]
[EventCountry "COL"]
[SourceTitle "CBM 162 Extra"]
[Source "ChessBase"]
[SourceDate "2014.10.17"]
[SourceVersion "1"]
[SourceVersionDate "2014.10.17"]
[SourceQuality "1"]

1. e4 c5 2. Nf3 d6 3. d4 cxd4 4. Nxd4 Nf6 5. Nc3 a6 6. Be3 e5 7. Nb3 Be6 8. f3 Be7 9. Qd2 0-0 10. 0-0-0 Qc7 11. Kb1 Nbd7 12. g4 Rfc8 13. g5 Nh5 14. Nd5 Bxd5 15. exd5 a5 16. Bh3 a4 17. Nc1 a3 18. b3 g6 19. Bg4 Nf4 20. Bxf4 exf4 21. Bxd7 Qxd7 22. h4 Bf8 23. h5 Bg7 24. hxg6 hxg6 25. Ne2 Qf5 26. Rhg1 Rc5 27. Qd3 Qe5 28. c3 Re8 29. Rg2 b5 30. Qd4 Qf5+ 31. Qd3 Qc8 32. Nxf4 Rxc3 33. Qxb5 Qf5+ 34. Nd3 Rec8 35. Re2 Qxf3 36. Red2 Qe4 37. Qb4 Qxd5 38. Qxa3 Qd4 39. Qb4 Rxb3+ 0-1

[Event "Santander Departamental-ch"]
[Site "Santander"]
[Date "2013.11.30"]
[Round "6"]
[White "Jimenez, Jose Mauricio"]
[Black "Peinado, Giovanny"]
[Result "1/2-1/2"]
[WhiteElo "2184"]
[BlackElo "2193"]
[PlyCount "39"]
[EventDate "2013.11.28"]
[EventType "swiss"]
[EventRounds "8"]
[EventCountry "COL"]
[SourceTitle "CBM 157 Extra"]
[Source "ChessBase"]
[SourceDate "2013.12.19"]
[SourceVersion "1"]
[SourceVersionDate "2013.12.19"]
[SourceQuality "1"]

1. Nf3 d5 2. d4 Nf6 3. g3 g6 4. Bg2 Bg7 5. 0-0 0-0 6. b3 c5 7. c3 cxd4 8. cxd4 Nc6 9. Nc3 Ne4 10. Bb2 Nxc3 11. Bxc3 Bf5 12. Rc1 Be4 13. Qd2 Rc8 14. Rfd1 Qd7 15. Ne1 Bxg2 16. Kxg2 Rfd8 17. e3 Rc7 18. Nd3 Rdc8 19. Rc2 b6 20. Rdc1 1/2-1/2

[Event "Santander Departamental-ch"]
[Site "Santander"]
[Date "2013.11.29"]
[Round "3"]
[White "Peinado, Giovanny"]
[Black "Suarez Pinto, Sergio Rafael"]
[Result "1-0"]
[WhiteElo "2193"]
[BlackElo "1778"]
[PlyCount "71"]
[EventDate "2013.11.28"]
[EventType "swiss"]
[EventRounds "8"]
[EventCountry "COL"]
[SourceTitle "CBM 157 Extra"]
[Source "ChessBase"]
[SourceDate "2013.12.19"]
[SourceVersion "1"]
[SourceVersionDate "2013.12.19"]
[SourceQuality "1"]

1. d4 d5 2. c4 c6 3. Nf3 Nf6 4. Nc3 e6 5. Bg5 Nbd7 6. e3 Be7 7. Qc2 0-0 8. 0-0-0 dxc4 9. Bxc4 b5 10. Bd3 Bb7 11. Kb1 Rc8 12. e4 h6 13. Bxf6 Nxf6 14. e5 Nd5 15. Nxd5 cxd5 16. Qe2 a6 17. h4 Qb6 18. g4 b4 19. g5 h5 20. g6 fxg6 21. Bxg6 b3 22. axb3 Qxb3 23. Ng5 Bxg5 24. Rd3 Rc2 25. Qxc2 Qxc2+ 26. Kxc2 Rxf2+ 27. Kb1 Bh6 28. Rc3 a5 29. Rc7 Ba6 30. Rc6 Be2 31. Rxe6 Bb5 32. Rb6 Ba4 33. e6 Rf6 34. b3 Rxg6 35. bxa4 Rf6 36. Re1 1-0

[Event "Santander Departamental-ch"]
[Site "Santander"]
[Date "2013.11.28"]
[Round "1"]
[White "Peinado, Giovanny"]
[Black "Suarez, Jimmy"]
[Result "1-0"]
[WhiteElo "2193"]
[BlackElo "1676"]
[PlyCount "45"]
[EventDate "2013.11.28"]
[EventType "swiss"]
[EventRounds "8"]
[EventCountry "COL"]
[SourceTitle "CBM 157 Extra"]
[Source "ChessBase"]
[SourceDate "2013.12.19"]
[SourceVersion "1"]
[SourceVersionDate "2013.12.19"]
[SourceQuality "1"]

1. d4 Nf6 2. c4 e6 3. Nc3 Bb4 4. Qc2 0-0 5. a3 Bxc3+ 6. Qxc3 b6 7. Nf3 Bb7 8. Bg5 d6 9. e3 Nbd7 10. Bd3 a5 11. Qc2 Ra7 12. Bxh7+ Kh8 13. Bd3 Qa8 14. Qe2 g6 15. Bh6 Re8 16. h4 Ng8 17. Bg5 Kg7 18. h5 f6 19. hxg6 Nf8 20. Ne5 Bxg2 21. Rh2 Bf3 22. Nxf3 fxg5 23. Nxg5 1-0

[Event "Santander UDI Cup"]
[Site "Santander"]
[Date "2013.06.02"]
[Round "5"]
[White "Peinado, Giovanny"]
[Black "Peinado, Edwin Halley"]
[Result "1/2-1/2"]
[WhiteElo "2204"]
[BlackElo "2118"]
[PlyCount "23"]
[EventDate "2013.05.31"]
[EventType "swiss"]
[EventRounds "8"]
[EventCountry "COL"]
[SourceTitle "CBM 154 Extra"]
[Source "ChessBase"]
[SourceDate "2013.06.25"]
[SourceVersion "2"]
[SourceVersionDate "2013.06.25"]
[SourceQuality "1"]

1. Nf3 Nf6 2. d4 d5 3. c4 e6 4. Nc3 Bb4 5. a3 Bxc3+ 6. bxc3 0-0 7. e3 c6 8. Bd3 Nbd7 9. 0-0 Ne4 10. Bxe4 dxe4 11. Nd2 f5 12. f3 1/2-1/2

[Event "Santander UDI Cup"]
[Site "Santander"]
[Date "2013.06.01"]
[Round "4"]
[White "Cuesta Cifuentes, Jair Alfonso"]
[Black "Peinado, Giovanny"]
[Result "0-1"]
[WhiteElo "1871"]
[BlackElo "2204"]
[PlyCount "42"]
[EventDate "2013.05.31"]
[EventType "swiss"]
[EventRounds "8"]
[EventCountry "COL"]
[SourceTitle "CBM 154 Extra"]
[Source "ChessBase"]
[SourceDate "2013.06.25"]
[SourceVersion "2"]
[SourceVersionDate "2013.06.25"]
[SourceQuality "1"]

1. c4 c6 2. Nf3 d5 3. g3 e6 4. Bg2 f5 5. 0-0 Nf6 6. Qc2 Bd6 7. a3 0-0 8. b4 Qe7 9. d4 Bd7 10. Bb2 Be8 11. c5 Bc7 12. Nc3 Nbd7 13. b5 Ne4 14. a4 e5 15. Ba3 Nxc3 16. Qxc3 e4 17. Nd2 f4 18. e3 f3 19. Bh3 Nf6 20. Rfb1 Bd7 21. Bf1 Ng4 0-1